Normal view
MARC view
Entry Topical Term
001 - CONTROL NUMBER
- control field: 4666
003 - CONTROL NUMBER IDENTIFIER
- control field: OSt
005 - DATE AND TIME OF LATEST TRANSACTION
- control field: 20190423151153.0
008 - FIXED-LENGTH DATA ELEMENTS
- fixed length control field: 190423|| aca||aabn | a|a d
040 ## - CATALOGING SOURCE
- Original cataloging agency: OSt
- Transcribing agency: OSt
150 ## - HEADING--TOPICAL TERM
- Topical term or geographic name entry element: Urban planning - Hyderabad
670 ## - SOURCE DATA FOUND
- Source citation: Work cat.: (OSt): Mitra, Sudeshna 4665, Roads to new urban futures: flexible territorialisation in Peri-urban Kolkata and Hyderabad, 2018
